Huyền thoại Che: Bản lĩnh, tính cách, tình yêu và sự bất tử

Quyển Huyền Thoại Che: Bản Lĩnh - Tính Cách - Tình Yêu Và Sự Bất Hủ với hơn 400 ảnh minh họa, trong đó nhiều ảnh mới lần đầu được công bố - trình bày xuyên suốt cuộc đời của Che từ lúc ấu thơ cho đến lúc tham gia đấu tranh cách mạng, và c...

Deskribapen osoa

Gorde:
Xehetasun bibliografikoak
Egile nagusia: Garcia, Fernando D.
Formatua: Liburua
Hizkuntza:Undetermined
Argitaratua: Tp. Hồ Chí Minh Trẻ 2005
Gaiak:
Etiketak: Etiketa erantsi
Etiketarik gabe, Izan zaitez lehena erregistro honi etiketa jartzen!
Thư viện lưu trữ: Trung tâm Học liệu Trường Đại học Cần Thơ
LEADER 01886nam a2200217Ia 4500
001 CTU_91745
008 210402s9999 xx 000 0 und d
020 |c 34000 
082 |a 872.91064 
082 |b G216 
100 |a Garcia, Fernando D. 
245 0 |a Huyền thoại Che: Bản lĩnh, tính cách, tình yêu và sự bất tử 
245 0 |c Fernando D. Garcia, Óscar sola 
260 |a Tp. Hồ Chí Minh 
260 |b Trẻ 
260 |c 2005 
520 |a Quyển Huyền Thoại Che: Bản Lĩnh - Tính Cách - Tình Yêu Và Sự Bất Hủ với hơn 400 ảnh minh họa, trong đó nhiều ảnh mới lần đầu được công bố - trình bày xuyên suốt cuộc đời của Che từ lúc ấu thơ cho đến lúc tham gia đấu tranh cách mạng, và cuối cùng hy sinh ở Bolivia. Các bạn sẽ tìm thấy trong sách này những bài văn của Che, bao gồm các trích đoạn hồi ký và phát biểu của Che, cùng những trích dẫn văn học viết về Che của Fidel Castro, nhà thơ Mỹ Allen Ginsberg và những người khác. Tất cả nội dung được trình bày ở đây là kết quả từ công trình nghiên cứu tỉ mỉ và đầy đủ nhất của các tác giả trong các văn khố lưu trữ, của Chính phủ và của cá nhân, ở Cuba, Achentina, Bolivia, châu Âu và các quốc gia thuộc Bắc Mỹ. Chương cuối cùng được dành để đề cập đến những huyền thoại về Che kể từ khi anh qua đời cho đến hiện nay. 
650 |a Che Guevara,History 
650 |z Cuba 
904 |i Năm 
980 |a Trung tâm Học liệu Trường Đại học Cần Thơ